000 00874nam a2200241Ia 4500
003 OSt
005 20220923211540.0
006 a|||||r|||| 00| 0
007 ta
008 Pun
020 _a9789383338030 (hbk)
_c200
024 _a290,062
037 _b1017, 09/03/2016, H.K. Prakashan
_cTextual
040 _aARTS
_cARTS
_bPun
041 _2Pun
_aPun
082 _az7, 153Q4
100 _aਭੁੱਲਰ, ਰਿਪਨਦੀਪ ਕੌਰ
245 0 _aਧਾਲੀਵਾਲ ਬੇਟ * ਸਮਾਜਿਕ, ਆਰਥਿਕ ਅਤੇ ਰਾਜਨੀਤਿਕ ਬਦਲਾਅ * 192 - 2 1
260 _aਪੰਜਾਬ
_b ਸਪਤਰਿFੀ ਪਬਲੀਕੇFਨਗ਼
_c2014
300 _a178ਪੰ
_ccm.
942 _hz7, 153Q4
_cTEXL
_2CC
999 _c300680
_d300680